| 000 | 00398nam a2200169Ia 4500 | ||
|---|---|---|---|
| 008 | 210210b1976 xxu||||| |||| 00| 0 eng d | ||
| 041 | _aeng | ||
| 082 | _a583 RAOA | ||
| 100 | _aRAO (K N) | ||
| 245 | _aAngiosperms | ||
| 260 |
_aMadras _bS Viswanathan Pvt. Ltd. _c1976 |
||
| 300 | _a722 | ||
| 650 | _aAngiosperms | ||
| 690 | _aAngiosperms | ||
| 700 | _aKRISHNAMURTHY (K V) | ||
| 906 | _aSG00851 | ||
| 999 |
_c112091 _d112091 |
||